Curso de introduçao à economia política

Bewaard in:
Bibliografische gegevens
Hoofdauteur: Singer, Paul
Formaat: Texto
Gepubliceerd in: Río de Janeiro: Forense-Universitaria
Tags: Voeg label toe
Geen labels, Wees de eerste die dit record labelt!

MARC

LEADER 00000 a a2200000 04500
001 22480
003
040
090 |a 153600  
100 |a Singer, Paul  
245 |a Curso de introduçao à economia política  
260 |a Río de Janeiro:   |b Forense-Universitaria  
300 |a 186 p.  
999 |c 15603  |d 15603